[Event "SRB-chT Central"]
[Site "Kraljevo"]
[Date "2014.09.17"]
[Round "7.6"]
[White "Djordjevic, Vuk D"]
[Black "Lazic, Dragoljub"]
[Result "1/2-1/2"]
[WhiteElo "2265"]
[BlackElo "2254"]
[PlyCount "179"]
[EventDate "2014.09.13"]
[EventType "team-tourn"]
[EventRounds "11"]
[EventCountry "SRB"]
[SourceTitle "CBM 162 Extra"]
[Source "ChessBase"]
[SourceDate "2014.10.17"]
[SourceVersion "1"]
[SourceVersionDate "2014.10.17"]
[SourceQuality "1"]
[WhiteTeam "Paracin"]
[BlackTeam "Kragujevac"]
[WhiteTeamCountry "SRB"]
[BlackTeamCountry "SRB"]

1. e4 Nf6 2. e5 Nd5 3. d4 d6 4. c4 Nb6 5. exd6 exd6 6. Bd3 Be7 7. Ne2 Nc6 8. Nbc3 0-0 9. 0-0 Bf6 10. Be3 g6 11. b3 Bg7 12. Qd2 Ne7 13. Bg5 f6 14. Bh6 d5 15. c5 Nd7 16. Bxg7 Kxg7 17. Nf4 Nb8 18. Rae1 Nbc6 19. Bb1 Rf7 20. Re2 Nf5 21. Bxf5 Bxf5 22. Rfe1 Ne7 23. Re3 c6 24. Qe2 Ng8 25. b4 Qc7 26. Qf3 Qd7 27. h3 g5 28. Nh5+ Kh8 29. Ng3 Bg6 30. Qe2 Kg7 31. Re6 Qc7 32. Qg4 Nh6 33. Qf3 Rd8 34. R1e3 Rdd7 35. Qe2 Ng8 36. b5 Qf4 37. Qd1 Rfe7 38. bxc6 bxc6 39. Nce2 Qc7 40. Qa4 Rxe6 41. Rxe6 Ne7 42. Qa3 Kf7 43. Re3 Rd8 44. Rf3 Rb8 45. Rb3 h5 46. Nf1 Rxb3 47. axb3 Bd3 48. Qa2 Qb7 49. Nc1 Bb5 50. Ne3 Qd7 51. Qc2 Kg7 52. Qd1 Kh6 53. Na2 Qe6 54. Nc3 a6 55. Qf3 h4 56. g3 hxg3 57. fxg3 Kg6 58. h4 Bd3 59. hxg5 fxg5 60. Kf2 Bf5 61. Ne2 Ng8 62. g4 Be4 63. Qh3 Qf6+ 64. Ke1 Kf7 65. Qg3 Ne7 66. Qf2 Qxf2+ 67. Kxf2 a5 68. Ke1 Nc8 69. Nc3 Bd3 70. Kd2 Ba6 71. Ng2 Na7 72. Ne1 Nb5 73. Ne2 Bc8 74. Nd3 Ke7 75. Ne5 Bd7 76. Kd3 Nc7 77. Ng1 Be8 78. Ke3 Ne6 79. Ngf3 Kf6 80. Nd3 Bg6 81. Nfe5 Be8 82. Nf3 Bg6 83. Nde5 Be8 84. Kd3 Nc7 85. Kd2 Nb5 86. Kd3 Nc7 87. Ke3 Nb5 88. Kd3 Nc7 89. Ke3 Nb5 90. Kd3 1/2-1/2

[Event "SRB-chT2 West"]
[Site "Vrnjacka Banja"]
[Date "2013.10.11"]
[Round "3"]
[White "Rajkovic, Mladen"]
[Black "Lazic, Dragoljub"]
[Result "1/2-1/2"]
[WhiteElo "2053"]
[BlackElo "2266"]
[PlyCount "129"]
[EventDate "2013.10.10"]
[EventType "team-tourn"]
[EventRounds "8"]
[EventCountry "SRB"]
[SourceTitle "EXT 2014"]
[Source "ChessBase"]
[SourceDate "2013.11.20"]
[SourceVersion "1"]
[SourceVersionDate "2013.11.20"]
[SourceQuality "1"]

1. e4 c5 2. Nf3 d6 3. Bc4 Nf6 4. d3 Nc6 5. c3 e6 6. Bb3 Be7 7. 0-0 0-0 8. Re1 e5 9. Nbd2 Be6 10. Nf1 h6 11. Ng3 Re8 12. Bc2 Bf8 13. d4 cxd4 14. cxd4 Bg4 15. Ne2 a6 16. d5 Ne7 17. Ng3 Rc8 18. Bd3 Ng6 19. h3 Bd7 20. Be3 Nf4 21. Bf1 Qa5 22. a3 g6 23. b4 Qa4 24. Qxa4 Bxa4 25. Rac1 Bb5 26. Rxc8 Rxc8 27. Rc1 Rxc1 28. Bxc1 Bxf1 29. Kxf1 Nd3 30. Be3 Nb2 31. Nd2 Ne8 32. Bb6 Be7 33. Ke2 Bg5 34. Ngf1 h5 35. Ne3 Na4 36. Ndc4 Kf8 37. Ba7 Bd8 38. Kd3 b5 39. Nd2 Ke7 40. Nb3 Kd7 41. Nd1 Ng7 42. Be3 f5 43. f3 f4 44. Bf2 g5 45. Kc2 Ne8 46. Nb2 Nxb2 47. Kxb2 Nf6 48. Nd2 Ng8 49. Kc3 Nh6 50. Kd3 g4 51. hxg4 hxg4 52. Ke2 g3 53. Bg1 Nf7 54. Nb3 Nh8 55. Nc1 Ng6 56. Nd3 Nh4 57. Ne1 Kc8 58. Kd2 a5 59. Kc3 Kb7 60. Kb3 Ka6 61. Kc3 a4 62. Kd2 Ng6 63. Nd3 Ne7 64. Nb2 Nc8 65. Kc3 1/2-1/2

[Event "SRB-chT2 West"]
[Site "Vrnjacka Banja"]
[Date "2013.10.10"]
[Round "1"]
[White "Baralic, Milan"]
[Black "Lazic, Dragoljub"]
[Result "1/2-1/2"]
[WhiteElo "2147"]
[BlackElo "2266"]
[PlyCount "99"]
[EventDate "2013.10.10"]
[EventType "team-tourn"]
[EventRounds "8"]
[EventCountry "SRB"]
[SourceTitle "EXT 2014"]
[Source "ChessBase"]
[SourceDate "2013.11.20"]
[SourceVersion "1"]
[SourceVersionDate "2013.11.20"]
[SourceQuality "1"]

1. Nf3 Nf6 2. d4 g6 3. g3 Bg7 4. Bg2 0-0 5. 0-0 d6 6. Re1 Nbd7 7. e4 e5 8. Nc3 c6 9. h3 Re8 10. Be3 a5 11. Qd2 a4 12. a3 Qa5 13. Rad1 Nb6 14. Qd3 Nfd7 15. d5 cxd5 16. Nxd5 Nxd5 17. Qxd5 Nf6 18. Qxa5 Rxa5 19. Bd2 Rc5 20. Bc3 Bf8 21. Re2 Be6 22. Ne1 Rec8 23. Bb4 R5c6 24. c3 Bb3 25. Nc2 Ne8 26. Ra1 Bh6 27. Ne3 Nc7 28. Ng4 Bg7 29. Rd2 Na6 30. Ne3 Bh6 31. Re2 Nc5 32. Rd2 Bxe3 33. fxe3 b6 34. Bf3 Kf8 35. Rf1 Ke7 36. g4 g5 37. h4 Ne6 38. Be2 gxh4 39. Bb5 Ng5 40. Rf5 f6 41. Bxc6 Rxc6 42. Rh2 Be6 43. Kf1 h3 44. Rxg5 fxg5 45. Rxh3 Bxg4 46. Rxh7+ Kf6 47. Rh6+ Kg7 48. Rxd6 Rxd6 49. Bxd6 Kf6 50. Kf2 1/2-1/2

[Event "Kragujevac-ch"]
[Site "Kragujevac"]
[Date "2012.03.05"]
[Round "11"]
[White "Jovanovic, Bojan P"]
[Black "Lazic, Dragoljub"]
[Result "1/2-1/2"]
[WhiteElo "2147"]
[BlackElo "2302"]
[PlyCount "87"]
[EventDate "2012.02.20"]
[EventType "tourn"]
[EventRounds "11"]
[EventCountry "SRB"]
[SourceTitle "EXT 2019"]
[Source "ChessBase"]
[SourceDate "2018.10.10"]
[SourceVersion "1"]
[SourceVersionDate "2018.10.10"]
[SourceQuality "1"]

1. d4 g6 2. c4 Bg7 3. Nc3 Nf6 4. e4 0-0 5. Bg5 d6 6. f3 c5 7. d5 e6 8. Qd2 exd5 9. cxd5 Re8 10. Nge2 a6 11. a4 Qa5 12. Ra3 Nbd7 13. Nc1 Ne5 14. Be2 c4 15. 0-0 h5 16. Be3 Nfd7 17. Bd4 Nc5 18. f4 Ned3 19. Bxg7 Kxg7 20. Bxd3 cxd3 21. Nxd3 Nxd3 22. Qxd3 Qb4 23. Rd1 a5 24. Qd4+ Kg8 25. Na2 Qxd4+ 26. Rxd4 f5 27. Re3 fxe4 28. Rexe4 Rxe4 29. Rxe4 Bf5 30. Re7 Rc8 31. Nc3 Rc4 32. Rxb7 Rxf4 33. Nb5 Bd3 34. g3 Rf1+ 35. Kg2 Rf6 36. h4 Be4+ 37. Kg1 Rf3 38. Nxd6 Bxd5 39. Rb5 Bc6 40. Rxa5 Rxg3+ 41. Kf2 Rb3 42. Ra6 Bd5 43. Ra5 Bc6 44. Ra6 1/2-1/2

[Event "Kragujevac-ch"]
[Site "Kragujevac"]
[Date "2012.02.26"]
[Round "6"]
[White "Lazic, Dragoljub"]
[Black "Zlatanovic, Boroljub"]
[Result "1-0"]
[WhiteElo "2302"]
[BlackElo "2434"]
[PlyCount "97"]
[EventDate "2012.02.20"]
[EventType "tourn"]
[EventRounds "11"]
[EventCountry "SRB"]
[SourceTitle "EXT 2019"]
[Source "ChessBase"]
[SourceDate "2018.10.10"]
[SourceVersion "1"]
[SourceVersionDate "2018.10.10"]
[SourceQuality "1"]

1. e4 e6 2. d4 d5 3. Nd2 Nc6 4. Ngf3 Nf6 5. e5 Nd7 6. Nb3 a5 7. a4 Be7 8. Bb5 Ncb8 9. Be3 b6 10. h4 Ba6 11. Rh3 0-0 12. Ng5 c6 13. Qd3 Bxg5 14. hxg5 g6 15. 0-0-0 Kg7 16. Rdh1 Rh8 17. Bxa6 Nxa6 18. Qe2 b5 19. axb5 cxb5 20. Qxb5 a4 21. Nd2 Nc7 22. Qb4 Rb8 23. Qa3 Nb6 24. Qd6 Nd7 25. Nb1 Nb5 26. Qb4 Qe8 27. Qe1 Nb6 28. Qg1 Nc4 29. Qh2 h5 30. Qf4 Qe7 31. Qf6+ Qxf6 32. gxf6+ Kf8 33. g4 Ke8 34. gxh5 gxh5 35. Rxh5 Rf8 36. Rh8 Kd7 37. R8h7 a3 38. bxa3 Nbxa3 39. Nxa3 Nxa3 40. Kd2 Rb1 41. Rxb1 Nxb1+ 42. Kd3 Rc8 43. Rxf7+ Ke8 44. Re7+ Kd8 45. Rxe6 Rc3+ 46. Ke2 Rxc2+ 47. Kf3 Rc7 48. Rb6 Nc3 49. e6 1-0

[Event "Kragujevac-ch"]
[Site "Kragujevac"]
[Date "2012.02.21"]
[Round "2"]
[White "Radovanovic, Nikola"]
[Black "Lazic, Dragoljub"]
[Result "1-0"]
[WhiteElo "2092"]
[BlackElo "2302"]
[PlyCount "75"]
[EventDate "2012.02.20"]
[EventType "tourn"]
[EventRounds "11"]
[EventCountry "SRB"]
[SourceTitle "EXT 2019"]
[Source "ChessBase"]
[SourceDate "2018.10.10"]
[SourceVersion "1"]
[SourceVersionDate "2018.10.10"]
[SourceQuality "1"]

1. c4 c5 2. Nc3 Nc6 3. Nf3 g6 4. b3 Bg7 5. Bb2 Nh6 6. Na4 Bxb2 7. Nxb2 Nf5 8. e3 0-0 9. Be2 e5 10. d3 b6 11. a3 Bb7 12. Qd2 a5 13. Na4 Nfe7 14. Qb2 Re8 15. 0-0 d6 16. Rad1 f5 17. d4 cxd4 18. exd4 e4 19. Ng5 Nc8 20. Nh3 Qf6 21. Nf4 N6e7 22. d5 Qxb2 23. Nxb2 Ba6 24. Rd2 Na7 25. Ne6 Rec8 26. a4 h6 27. f3 exf3 28. Bxf3 Rab8 29. Re1 Rb7 30. Rde2 Kf7 31. Nd3 Rg8 32. Nd4 Nac8 33. Nf4 h5 34. h4 Rd7 35. Nh3 Rh8 36. Ng5+ Kf6 37. Nc6 Ng8 38. Re8 1-0

[Event "SRB-chT Central"]
[Site "Kraljevo"]
[Date "2011.09.20"]
[Round "5"]
[White "Lazic, Dragoljub"]
[Black "Dudukovic, Nikola"]
[Result "1/2-1/2"]
[WhiteElo "2295"]
[BlackElo "2252"]
[PlyCount "45"]
[EventDate "2011.09.17"]
[EventType "team-tourn"]
[EventRounds "11"]
[EventCountry "SRB"]
[SourceTitle "CBM 144 Extra"]
[Source "ChessBase"]
[SourceDate "2011.10.28"]
[SourceVersion "1"]
[SourceVersionDate "2011.10.28"]
[SourceQuality "1"]
[WhiteTeam "Metalac"]
[BlackTeam "Sloga"]
[WhiteTeamCountry "YUG"]
[BlackTeamCountry "YUG"]

1. e4 e6 2. Nf3 d5 3. Nc3 Nf6 4. e5 Nfd7 5. d4 c5 6. dxc5 Nc6 7. Bf4 Bxc5 8. Bd3 a6 9. 0-0 Be7 10. Qd2 h6 11. Bg3 g5 12. h3 h5 13. Rae1 Nc5 14. a3 Rg8 15. b4 Nxd3 16. Qxd3 Rg7 17. Nd4 Bd7 18. Nb3 h4 19. Bh2 Na7 20. Nd4 Nc6 21. Rd1 Nxd4 22. Qxd4 Kf8 23. Rd2 1/2-1/2

[Event "SRB-chT 1st League"]
[Site "Valjevo"]
[Date "2010.09.23"]
[Round "8"]
[White "Lazic, Dragoljub"]
[Black "Andrejic, Vladica"]
[Result "0-1"]
[WhiteElo "2319"]
[BlackElo "2185"]
[PlyCount "57"]
[EventDate "2010.09.18"]
[EventType "team"]
[EventRounds "11"]
[EventCountry "SRB"]
[SourceTitle "CBM 138 Extra"]
[Source "ChessBase"]
[SourceDate "2010.10.29"]
[SourceVersion "1"]
[SourceVersionDate "2010.10.29"]
[SourceQuality "1"]

1. e4 c5 2. Nf3 e6 3. d4 cxd4 4. Nxd4 Nc6 5. Nc3 Qc7 6. g3 a6 7. Bg2 d6 8. 0-0 Bd7 9. a4 Be7 10. Nb3 Nf6 11. f4 h6 12. Be3 0-0 13. a5 Nh7 14. Na4 Be8 15. Nb6 Rd8 16. c4 f5 17. exf5 exf5 18. Nd5 Qd7 19. Bb6 Rc8 20. Re1 Bd8 21. Qd2 Nf6 22. Bxd8 Rxd8 23. Nb6 Qc7 24. h3 Bf7 25. Nd4 Nxd4 26. Qxd4 Rfe8 27. b4 Rxe1+ 28. Rxe1 Re8 29. Rd1 0-1

[Event "SRB-chT 1st League"]
[Site "Valjevo"]
[Date "2010.09.22"]
[Round "6"]
[White "Lazic, Dragoljub"]
[Black "Nestorovic, Lazar"]
[Result "1/2-1/2"]
[WhiteElo "2319"]
[BlackElo "2310"]
[PlyCount "111"]
[EventDate "2010.09.18"]
[EventType "team"]
[EventRounds "11"]
[EventCountry "SRB"]
[SourceTitle "CBM 138 Extra"]
[Source "ChessBase"]
[SourceDate "2010.10.29"]
[SourceVersion "1"]
[SourceVersionDate "2010.10.29"]
[SourceQuality "1"]

1. e4 c5 2. Nf3 e6 3. d4 cxd4 4. Nxd4 Nf6 5. Nc3 d6 6. f4 Nc6 7. Be3 Be7 8. Qf3 e5 9. Nxc6 bxc6 10. fxe5 dxe5 11. Bc4 0-0 12. h3 Qa5 13. Bd2 Qb6 14. Bb3 Ba6 15. Be3 Qb7 16. 0-0-0 Rab8 17. Qf2 Bb4 18. Bxa7 Ra8 19. Bc5 Rfb8 20. Rhe1 Bxc3 21. bxc3 Bb5 22. Bd6 Re8 23. g4 Ba4 24. g5 Nh5 25. Rd2 Nf4 26. Qf3 Qb5 27. c4 Qa5 28. c5 Ne6 29. Bxe6 Rxe6 30. Rf1 Qa7 31. c4 f6 32. Qc3 fxg5 33. Rdf2 h6 34. Bxe5 Qxc5 35. Bxg7 Rxe4 36. Rf8+ Kh7 37. R8f5 Qxc4 38. Be5 Ra7 39. Rf8 Qxc3+ 40. Bxc3 Re6 41. h4 Re2 42. Rh8+ Kg6 43. Rf6+ Kh5 44. Rhxh6+ Kg4 45. Bd2 Bb5 46. hxg5 Rxa2 47. Rd6 Ra1+ 48. Kb2 Rd1 49. Kc3 Rexd2 50. Rxd2 Rxd2 51. Kxd2 Kxg5 52. Rd6 Kf5 53. Kc3 Ke5 54. Rd8 c5 55. Rb8 Bf1 56. Rf8 1/2-1/2

[Event "SRB-chT 1st League"]
[Site "Vrnjacka Banja"]
[Date "2009.09.23"]
[Round "7"]
[White "Pilcevic, Ivan"]
[Black "Lazic, Dragoljub"]
[Result "1-0"]
[WhiteElo "2086"]
[BlackElo "2317"]
[PlyCount "93"]
[EventDate "2009.09.19"]
[EventType "team-swiss"]
[EventRounds "11"]
[EventCountry "YUG"]
[SourceTitle "CBM 132 Extra"]
[Source "ChessBase"]
[SourceDate "2009.11.03"]
[SourceVersion "1"]
[SourceVersionDate "2009.11.03"]
[SourceQuality "1"]

1. Nf3 Nf6 2. c4 g6 3. Nc3 Bg7 4. e4 d6 5. d4 0-0 6. h3 e5 7. d5 a5 8. Bg5 h6 9. Be3 Na6 10. Be2 Nd7 11. Qd2 Kh7 12. g4 Ndc5 13. Rg1 Bd7 14. h4 f6 15. Nh2 c6 16. Nf1 cxd5 17. cxd5 Rb8 18. Ng3 b5 19. h5 g5 20. f3 Qb6 21. Nf5 a4 22. Rb1 b4 23. Nd1 Rfc8 24. b3 a3 25. Bxc5 Rxc5 26. Rg2 Bxf5 27. gxf5 Nc7 28. Rc1 Bf8 29. Rxc5 Qxc5 30. Bc4 Be7 31. Qe3 Qa5 32. Rc2 Bd8 33. Be2 Ne8 34. Rc6 Bb6 35. Qd3 Bc5 36. Ne3 Ng7 37. f4 gxf4 38. Nc4 Qa7 39. Nxd6 Bxd6 40. Rxd6 Rg8 41. Rxf6 Nxh5 42. Rg6 Ng3 43. Rxg8 Kxg8 44. d6 Qg1+ 45. Kd2 Qa1 46. d7 Qb2+ 47. Ke1 1-0

[Event "Paracin op"]
[Site "Paracin"]
[Date "2009.08.26"]
[Round "9"]
[White "Rajcevic, Stevan"]
[Black "Lazic, Dragoljub"]
[Result "1/2-1/2"]
[WhiteElo "2146"]
[BlackElo "2317"]
[PlyCount "67"]
[EventDate "2009.08.19"]
[EventType "swiss"]
[EventRounds "9"]
[EventCountry "YUG"]
[SourceTitle "CBM 132 Extra"]
[Source "ChessBase"]
[SourceDate "2009.11.03"]
[SourceVersion "1"]
[SourceVersionDate "2009.11.03"]
[SourceQuality "1"]

1. d4 Nf6 2. c4 g6 3. Nc3 Bg7 4. e4 d6 5. Nf3 0-0 6. h3 e5 7. d5 a5 8. Bg5 h6 9. Be3 Na6 10. Be2 Nc5 11. Nd2 Ne8 12. g4 f5 13. f3 Bf6 14. Nb3 Bh4+ 15. Kd2 Bg5 16. Qg1 fxg4 17. hxg4 Kg7 18. Bxg5 Qxg5+ 19. Qe3 Qxe3+ 20. Kxe3 b6 21. Nxc5 dxc5 22. a4 Bd7 23. b3 Nd6 24. Rag1 Nf7 25. Nb1 Ng5 26. Nd2 Rf4 27. Rh2 Rh8 28. Rgh1 Be8 29. Nf1 Bd7 30. Rh4 Rhf8 31. Nd2 Nh7 32. Rxh6 Rh8 33. Nf1 Be8 34. Ng3 1/2-1/2

[Event "Paracin op"]
[Site "Paracin"]
[Date "2009.08.25"]
[Round "8"]
[White "Lazic, Dragoljub"]
[Black "Kasparova, Tatiana"]
[Result "0-1"]
[WhiteElo "2317"]
[BlackElo "2169"]
[PlyCount "100"]
[EventDate "2009.08.19"]
[EventType "swiss"]
[EventRounds "9"]
[EventCountry "YUG"]
[SourceTitle "CBM 132 Extra"]
[Source "ChessBase"]
[SourceDate "2009.11.03"]
[SourceVersion "1"]
[SourceVersionDate "2009.11.03"]
[SourceQuality "1"]

1. e4 c6 2. d4 d5 3. Nd2 dxe4 4. Nxe4 Bf5 5. Ng3 Bg6 6. h4 h6 7. Nf3 Nd7 8. h5 Bh7 9. Bd3 Bxd3 10. Qxd3 e6 11. Bf4 Bb4+ 12. c3 Be7 13. Ne4 Ngf6 14. Nd6+ Bxd6 15. Bxd6 Qa5 16. Bb4 Qd5 17. c4 Qe4+ 18. Qxe4 Nxe4 19. Rh4 Nef6 20. Ne5 Nxe5 21. dxe5 Nd7 22. Bd6 0-0-0 23. 0-0-0 c5 24. Rg4 Rhg8 25. Kc2 b6 26. Rd3 f6 27. f4 fxe5 28. fxe5 Nf8 29. Ra3 Rd7 30. Rag3 Nh7 31. Rg6 Ng5 32. Kd3 Rf7 33. Ke2 Rd8 34. R3xg5 hxg5 35. Rxg5 Kd7 36. b4 cxb4 37. Bxb4 a6 38. Bd2 b5 39. cxb5 axb5 40. a3 Kc6 41. g4 Rd4 42. Rg6 Re4+ 43. Kd3 Kd5 44. g5 Rg4 45. Bb4 Kxe5 46. Bc3+ Kf5 47. Bxg7 Rxg5 48. Rxg5+ Kxg5 49. h6 Kg6 50. Kd4 Rf5 0-1

[Event "Paracin op"]
[Site "Paracin"]
[Date "2009.08.20"]
[Round "3"]
[White "Radusinovic, Lazar"]
[Black "Lazic, Dragoljub"]
[Result "0-1"]
[WhiteElo "2185"]
[BlackElo "2317"]
[PlyCount "100"]
[EventDate "2009.08.19"]
[EventType "swiss"]
[EventRounds "9"]
[EventCountry "YUG"]
[SourceTitle "CBM 132 Extra"]
[Source "ChessBase"]
[SourceDate "2009.11.03"]
[SourceVersion "1"]
[SourceVersionDate "2009.11.03"]
[SourceQuality "1"]

1. d4 Nf6 2. Nf3 g6 3. g3 Bg7 4. Bg2 0-0 5. 0-0 d6 6. a4 a5 7. c4 Nbd7 8. b3 c6 9. Bb2 Qc7 10. Qc2 Re8 11. Nc3 e5 12. e3 exd4 13. Nxd4 Nc5 14. Rad1 Bd7 15. Rd2 Rad8 16. Rfd1 Qb6 17. h3 Bc8 18. Ba3 Bf8 19. Bb2 Bg7 20. Ba3 Na6 21. Qb1 Nb4 22. Bb2 Bf8 23. Re1 Nd7 24. Ne4 f5 25. Nc3 Nc5 26. Kh2 Bg7 27. Qd1 Qc7 28. f4 Re7 29. Ree2 Rde8 30. Ndb5 cxb5 31. Nxb5 Qb8 32. Nxd6 Rf8 33. Bxg7 Rxg7 34. Rd4 Be6 35. e4 fxe4 36. Bxe4 Nc6 37. Rdd2 Rd7 38. Bf3 Rfd8 39. Ne4 Nxe4 40. Bxe4 Rxd2 41. Rxd2 Rxd2+ 42. Qxd2 Qd8 43. Qe1 Kf7 44. Qf2 Qd4 45. Qg2 Bd7 46. Bd5+ Ke7 47. h4 Kd6 48. Qe2 Nd8 49. Bg8 h5 50. c5+ Qxc5 0-1

[Event "SRB Central-ch"]
[Site "Vrnjacka Banja"]
[Date "2008.11.14"]
[Round "9"]
[White "Lazic, Dragoljub"]
[Black "Arsovic, Zoran"]
[Result "0-1"]
[WhiteElo "2320"]
[BlackElo "2480"]
[PlyCount "192"]
[EventDate "2008.11.08"]
[EventType "swiss"]
[EventRounds "9"]
[EventCountry "YUG"]
[SourceTitle "EXT 2010"]
[Source "ChessBase"]
[SourceDate "2010.11.25"]
[SourceVersion "1"]
[SourceVersionDate "2010.11.25"]
[SourceQuality "1"]

1. e4 c5 2. Nf3 d6 3. d4 cxd4 4. Nxd4 Nf6 5. Nc3 Nc6 6. Be2 e5 7. Nf3 h6 8. 0-0 Be7 9. Re1 0-0 10. h3 Be6 11. Bf1 Nb8 12. Be3 Nbd7 13. Qd2 a6 14. a4 Rc8 15. Bd3 Qc7 16. a5 Rfe8 17. Nh2 Nc5 18. f4 exf4 19. Bxf4 Nfd7 20. Nf3 Bf6 21. Bf1 Ne5 22. Nd4 Ng6 23. Be3 Be5 24. Bd3 Bxd4 25. Bxd4 Ne5 26. Bf1 Nc6 27. Be3 Nxa5 28. Bxh6 Nc6 29. Bf4 Ne5 30. Kh1 Qb6 31. Rab1 Red8 32. Re3 Qb4 33. Qe1 Na4 34. Nxa4 Qxa4 35. c3 Qc2 36. Re2 Qb3 37. Re3 Qa2 38. Rg3 f6 39. Be3 Qb3 40. Bd4 Kf7 41. Be2 Rh8 42. Qf2 a5 43. Rf1 Rcf8 44. Rg5 b6 45. Qg3 Rh7 46. Bh5+ Kg8 47. Bg6 Rh6 48. Bxe5 dxe5 49. Qf2 Bc4 50. Rg3 Bxf1 51. Qxf1 Rd8 52. Qf5 Qd1+ 53. Kh2 Qd7 54. Qf3 Rh4 55. Bf5 Qf7 56. Qe2 Kf8 57. Qb5 Rd6 58. Qa6 Qc7 59. Bg6 Ke7 60. Qe2 Rh8 61. Qg4 Kd8 62. Bf5 g5 63. Qf3 Qc5 64. Bg4 Kc7 65. Qf5 Rhd8 66. Qg6 Kb8 67. Qf7 Qc7 68. Qg6 Ka7 69. Rf3 Qe7 70. c4 Rc6 71. b3 Kb8 72. Qf5 Rcd6 73. Qg6 Ka7 74. Rf2 Rc6 75. Rf3 Rd2 76. Qg8 Rcd6 77. c5 bxc5 78. Qc8 Rd8 79. Qc6 Qd6 80. Qb5 Qb6 81. Qc4 R2d6 82. Rf2 Kb8 83. Qf7 c4 84. Rf3 Qc7 85. Qxc4 Qxc4 86. bxc4 Kc7 87. Bh5 a4 88. Ra3 Ra6 89. Bf7 Kb6 90. Bd5 Kc5 91. g3 Rb8 92. h4 Rb3 93. Ra1 a3 94. h5 Ra7 95. Kh3 a2 96. h6 Rb1 0-1

[Event "SRB-chT Cup 50th"]
[Site "Mataruska Banja"]
[Date "2007.05.26"]
[Round "6"]
[White "Lazic, Dragoljub"]
[Black "Dobrijevic, Milan"]
[Result "1-0"]
[WhiteElo "2311"]
[BlackElo "2203"]
[PlyCount "79"]
[EventDate "2007.05.21"]
[EventType "team-tourn"]
[EventRounds "7"]
[EventCountry "YUG"]
[SourceTitle "CBM 118 Extra"]
[Source "ChessBase"]
[SourceDate "2007.07.04"]
[SourceVersion "1"]
[SourceVersionDate "2007.07.04"]
[SourceQuality "1"]

1. e4 c5 2. Nf3 d6 3. d4 cxd4 4. Nxd4 Nf6 5. Nc3 g6 6. f4 Nc6 7. Nf3 Bg7 8. Bd3 Qb6 9. Qe2 Bg4 10. Qf2 Qxf2+ 11. Kxf2 0-0 12. h3 Bxf3 13. Kxf3 e5 14. g4 exf4 15. Bxf4 Rad8 16. Bg5 h6 17. Bxf6 Bxf6 18. Nd5 Be5 19. c3 Kg7 20. Kg2 f6 21. Raf1 Rc8 22. h4 Nd8 23. h5 g5 24. Bb5 Nc6 25. Ne3 Ne7 26. Bd7 Rc5 27. Be6 b5 28. Re1 Rb8 29. Nc2 Nc6 30. Bd5 b4 31. Bxc6 bxc3 32. Bd5 cxb2 33. Ne3 Bf4 34. Nc4 Rb4 35. Rb1 Rbxc4 36. Bxc4 Rxc4 37. Rxb2 Rxe4 38. Rb7+ Kf8 39. Rxa7 d5 40. Rb1 1-0